000 00394nam a22001337a 4500
082 _a519
_bHUD
_cL-21, P-26
100 _aRalph g. hundson, s.b.,
_939362
245 _aThe engineers' manual
_cRalph g. hundson, s.b.,
260 _aNew yark.
_bJohn wiley and sons
_cc1944.
300 _a340 p.
_bill.
_c22 cm.
526 _a0
_b0
_c0
_d519_000000000000000_HUD
650 _aMCE
_9379
942 _2ddc
_cBK
999 _c543863
_d543863